000 00391pab a2200157 454500
008 180718b1999 xxu||||| |||| 00| 0 eng d
100 _aFoner, Nancy
245 _aAnthropology and the study of immigration
260 _c1999
300 _ap.1268-270
362 _aJun-Jul
650 _aAnthropology
650 _aImmigration
773 _aAmerican Behavioral Scientist
909 _a41787
999 _c41787
_d41787